[Event "Bratislava Slovan op"]
[Site "Bratislava"]
[Date "2014.04.30"]
[Round "6"]
[White "Certek, Pavel"]
[Black "Smolen, Jan"]
[Result "0-1"]
[WhiteElo "2251"]
[BlackElo "2436"]
[PlyCount "70"]
[EventDate "2014.04.26"]
[EventType "swiss"]
[EventRounds "9"]
[EventCountry "SVK"]
[SourceTitle "CBM 160 Extra"]
[Source "ChessBase"]
[SourceDate "2014.07.01"]
[SourceVersion "1"]
[SourceVersionDate "2014.07.01"]
[SourceQuality "1"]

1. d4 Nf6 2. Nf3 e6 3. e3 c5 4. c4 cxd4 5. exd4 d5 6. Nc3 Bb4 7. Bd2 0-0 8. a3 Bxc3 9. Bxc3 b6 10. Rc1 Ne4 11. cxd5 Qxd5 12. Bb4 Rd8 13. Bc4 Qh5 14. Qe2 Bb7 15. 0-0 Nd7 16. Ne5 Qxe2 17. Bxe2 Nxe5 18. dxe5 a5 19. Rc7 axb4 20. Rxb7 bxa3 21. bxa3 Rxa3 22. Rxb6 g5 23. Rb7 Nc5 24. Rc7 Nd3 25. Rd1 Rd5 26. Bxd3 Rdxd3 27. Rb1 Ra5 28. h4 Rxe5 29. Rbb7 Rf5 30. hxg5 Rd1+ 31. Kh2 Rxf2 32. Kg3 Rf5 33. Kh4 Kg7 34. g4 Rf3 35. g6 Rh1+ 0-1

[Event "Bratislava Slovan op"]
[Site "Bratislava"]
[Date "2014.04.26"]
[Round "1"]
[White "Smolen, Jan"]
[Black "Munk, Lubomir"]
[Result "1-0"]
[WhiteElo "2436"]
[BlackElo "1897"]
[PlyCount "93"]
[EventDate "2014.04.26"]
[EventType "swiss"]
[EventRounds "9"]
[EventCountry "SVK"]
[SourceTitle "CBM 160 Extra"]
[Source "ChessBase"]
[SourceDate "2014.07.01"]
[SourceVersion "1"]
[SourceVersionDate "2014.07.01"]
[SourceQuality "1"]

1. Nf3 Nf6 2. c4 g6 3. Nc3 Bg7 4. d4 d6 5. e4 Nbd7 6. Be2 c6 7. 0-0 0-0 8. h3 e5 9. Be3 h6 10. Qc2 Qe7 11. b4 b6 12. Rab1 Bb7 13. dxe5 dxe5 14. c5 Rfc8 15. Nd2 a5 16. bxa5 b5 17. Nb3 Ba6 18. Rfd1 Ne8 19. a4 Nc7 20. axb5 Bxb5 21. Bxb5 Nxb5 22. Nxb5 cxb5 23. Qd3 Nf6 24. f3 b4 25. Qc4 Qb7 26. Rd6 Qa7 27. Qxb4 Nd7 28. Rbd1 Nb8 29. Rd8+ Rxd8 30. Rxd8+ Kh7 31. Qb6 Nc6 32. Rxa8 Qxa8 33. a6 Nd4 34. Qb7 Qd8 35. a7 Ne2+ 36. Kf2 Qd1 37. a8Q Nf4 38. Bxf4 exf4 39. Qa2 Bd4+ 40. Nxd4 Qxd4+ 41. Ke2 Qe3+ 42. Kd1 Qg1+ 43. Kc2 Qxg2+ 44. Kb1 Qf1+ 45. Kb2 Qe2+ 46. Ka3 Qxf3+ 47. Qbb3 1-0